000 00670nam a2200229Ii 4500
003 JO-AjNU
008 230606s9999||||xx |||||||||||||| ||und||
017 _a2015/12/6075
020 _a978-9957-8728-0-9
040 _aJO-AjNU
_beng
_erda
_cJO-AjNU
041 _aeng
050 1 4 _aTA9 2015
100 3 _aMalkawi, Bassam,
_eauthor
_95222
245 0 0 _aFirst isra international Engineering Conference
250 _a1 ed
264 3 1 _aAmman:isra university, 2015
300 _a247p
336 _atext
_btxt
_2rdacontent
337 _aunmediated
_bn
_2rdamedia
338 _avolume
_bnc
_2rdacarrier
650 4 _aFirst isra international Engineering Conference
_95223
999 _aE2699
_c2697
_d2697